000 03215nam a2200373 a 4500
003 CHAP
005 20250911181131.0
007 ta
008 220117s1996xx mx abd frm000 0 1n0 spa d
010 _a187864
040 _amxchpua
_cCHAP
_erda
041 0 _aspa
_bspa
090 _aTesis
_bM67
_c1996
100 1 _aMoreno Cuevas, Joel Melchor
245 1 0 _aVentajas económicas con el uso de la plantadora de piña modelo PP-001 /
_cJoel Melchor Moreno Cuevas
264 _aChapingo, México :
_bEl autor,
_c1996
300 _av, 159 hojas :
_bilustraciones, mapas, gráficas, tablas
336 _2rdacontent
_atexto
_btxt
337 _2rdamedia
_ano mediado
_bn
338 _2rdacarrier
_avolumen
_bnc
502 _aTesis
_b(Ingeniero Mecánico Agrícola) --
_cDepartamento de Ingeniería Mecánica Agrícola,
_d1996
504 _aBibliografía: hojas 124-125
520 3 _aComo parte de un convenio entre la Universidad Autónoma Chapingo, en Méxic0, y el Instituto Superior de Ciencias Agrícolas, en Cuba, se Ilevó a cabo el diseño, construcción y evaluación de un prototipo de máquina plantadora de piña entre los años de 1993 y 1994. Habiéndose superado ya las evaluaciones técnicas pertinentes, se busca introducir la máquina plantadora de piña modelo PP-001 al campo mexicano, en su etapa inicial a la región productora de piña de la Cuenca del Bajo Papaloapan, y posteriormente a las demás regiones productoras del país. Para llevar a cabo dicho objetivo, fue necesario realizar de nuevo la evaluación económica de la máquina plantadora de piña, pues desde hace más de un año, nuestro país se ha visto inmerso en una de las más duras crisis económicas, lo cual ha hecho que exista un elevado incremento en el costo de los instrumentos e insumos para llevar a cabo la producción agrícola, no pasando lo mismo con los precios de venta del producto. También, se realiza un estudio de mercado con la intención de pronosticar si la nueva tecnología que se está promoviendo tendrá la aceptación esperada, pues recordemos que muchas veces el productor está acostumbrado a los métodos tradicionales y no acepta con facilidad un cambio de tecnología de producción. Para recopilar información se realizaron entrevistas directas con productores de los municipios de lsla, Rodríguez Clara, Azueta, Chacaltianguis y Loma Bonita, y con base en el análisis posterior de esa información se obtuvo como resultado que la máquina plantadora es rentable económicamente y es más eficiente al realizar la plantación de manera más rápida y económica, lo cual originará ahorros considerables para el productor. 
650 1 0 _aPiñas
_2atg
_xSembradoras
650 1 3 _aPiñas
_2atg
_xCostos de producción
650 1 3 _aMaquinaria y equipamiento agrícola
_2atg
_xSembradoras
_xAspectos económicos
650 1 3 _aPineapples
_2atg
_xPlanters
650 1 0 _aPineapples
_2atg
_xProduction costs
650 1 3 _aAgricultural machinery and equipment
_2atg
_xPlanters
_xEconomical aspects
700 1 _aVega Valdivia, Dixia Dania
_edirectora
700 1 _aBerenguer Pina, Vladimir
_easesor
901 _aTESIS M67 1996
942 _cTESIS
_2Clasificación Universidad Autónoma Chapingo
999 _c187864
_d187864